01101 a2200193 45000010006000000050017000060080041000230030015000640400040000790800035001192450113001540200018002672640033002853000019003185050513003370410008008501000027008587000022008854119220260407155706.0260407a2005 arg spa dAR-UNSa-BCEJYS aAR-UNSa-BCEJYSbspacAR-UNSa-BCEJYS a347.72xSociedades comerciales10aNuevas perspectivas en el derecho societario y el anteproyecto de reforma a la Ley de Sociedades Comerciales a950-894-493-5 1aBuenos Aires :bAD-HOCc2005 a677 p.c23 cm. a1. Hacia un nuevo concepto de sociedad comercial - 2. Atipicidad. Sustitución del régimen de irregularidad societaria - 3. Método de resolución de conflictos societarios. Acciones judiciales y medidas cauterales - 4. Aportes, documentación y contabilidad - 5. Sociedades constituidas en el extranjero - 6. Obligaciones, deberes y responsabilidades de socios, administradores y síndicos. El comité de auditoría - 7. Los grupos societarios - 8. Otras cuestiones contempladas por el anteproyecto aspa1 aVítolo, Daniel Roque1 aPardini, Marta G.